00654cam a2200181 a 450000500170000000800390001702000180005604000510007404100080012510000290013324500710016226000600023330000420029350400530033565000280038865000160041665000400043220140903175020.0140208s2007 xxud fr 001 0 eng a9781588265005 aCO-BoUCMbspacJose A. GerenadDiana Londoño aeng1 aCarlson, Matthewd1972 -10aMoney politics in Japanbnew rules, old practicescMatthew Carlson aBoulder (Colorado, Estados Unidos)bLynne Riennerc2007 ax, 175 páginasbcuadros, gráficas aIncluye referencias bibliográficas e índices 7aCampañas políticas  7aElecciones  7aFondos para campañas electorales